000
00283nam a2200133Ia 4500
100
_a
Business/ Process Systems
942
_c
BK
654
_a
engineering
245
_a
Re engineering
260
_b
Lucas eng & Systems
082
_a
658.406
_b
LUC
546
_a
ENGLISH
999
_c
19894
_d
19894